Credit Derivatives and Structured Credit : (Record no. 11381)
[ view plain ]
| 000 -LEADER | |
|---|---|
| fixed length control field | 02192cam a22004334a 4500 |
| 001 - CONTROL NUMBER | |
| control field | 14108200 |
| 005 - DATE AND TIME OF LATEST TRANSACTION | |
| control field | 20070104104631.0 |
| 008 - FIXED-LENGTH DATA ELEMENTS--GENERAL INFORMATION | |
| fixed length control field | 050914s2006 enka b 001 0 eng |
| 010 ## - LIBRARY OF CONGRESS CONTROL NUMBER | |
| LC control number | 2005026944 |
| 015 ## - NATIONAL BIBLIOGRAPHY NUMBER | |
| National bibliography number | GBA588252 |
| Source | bnb |
| 016 7# - NATIONAL BIBLIOGRAPHIC AGENCY CONTROL NUMBER | |
| Record control number | 013315578 |
| Source | Uk |
| 020 ## - INTERNATIONAL STANDARD BOOK NUMBER | |
| International Standard Book Number | 0470018798 (hbk.) |
| 020 ## - INTERNATIONAL STANDARD BOOK NUMBER | |
| International Standard Book Number | 9780470018798 (hbk.) |
| 035 ## - SYSTEM CONTROL NUMBER | |
| System control number | (OCoLC)ocm61703879 |
| 040 ## - CATALOGING SOURCE | |
| Original cataloging agency | DLC |
| Transcribing agency | DLC |
| Modifying agency | BAKER |
| -- | BWKUK |
| -- | UKM |
| -- | IXA |
| -- | COO |
| -- | DLC |
| 041 1# - LANGUAGE CODE | |
| Language code of text/sound track or separate title | eng |
| Language code of original and/or intermediate translations of text | fre |
| 042 ## - AUTHENTICATION CODE | |
| Authentication code | pcc |
| 050 00 - LIBRARY OF CONGRESS CALL NUMBER | |
| Classification number | HG6024.A3 |
| Item number | B77813 2006 |
| 082 00 - DEWEY DECIMAL CLASSIFICATION NUMBER | |
| Classification number | 332.632 |
| Edition number | 22 |
| Item number | BRU |
| 100 1# - MAIN ENTRY--PERSONAL NAME | |
| Personal name | Bruyere, Richard. |
| 9 (RLIN) | 4046 |
| 245 10 - TITLE STATEMENT | |
| Title | Credit Derivatives and Structured Credit : |
| Remainder of title | A Guide for Investors / |
| Statement of responsibility, etc | Richard Bruyere with Rama Cont ... [et al.] ; translated by Gabrielle Smart. |
| 260 ## - PUBLICATION, DISTRIBUTION, ETC. (IMPRINT) | |
| Place of publication, distribution, etc | Chichester, England ; |
| -- | Hoboken, NJ : |
| Name of publisher, distributor, etc | John Wiley & Sons, |
| Date of publication, distribution, etc | c2006. |
| 300 ## - PHYSICAL DESCRIPTION | |
| Extent | xiii, 279 p. : |
| Other physical details | ill. ; |
| Dimensions | 26 cm. |
| 504 ## - BIBLIOGRAPHY, ETC. NOTE | |
| Bibliography, etc | Includes bibliographical references (p. [255]-261) and index. |
| 505 0# - FORMATTED CONTENTS NOTE | |
| Formatted contents note | Credit risk and the emergence of credit derivatives -- Typology of credit derivatives and their main applications -- Second-generation credit derivatives -- Collateralized debt obligations -- The credit derivatives and structured credit products market -- Pricing models for credit derivatives -- The impact of the development in credit derivatives. |
| 650 #0 - SUBJECT ADDED ENTRY--TOPICAL TERM | |
| Topical term or geographic name as entry element | Credit derivatives. |
| 9 (RLIN) | 4047 |
| 700 1# - ADDED ENTRY--PERSONAL NAME | |
| Personal name | Cont, Rama. |
| 9 (RLIN) | 4048 |
| 700 1# - ADDED ENTRY--PERSONAL NAME | |
| Personal name | Copinot, Regis |
| 9 (RLIN) | 4041 |
| 700 1# - ADDED ENTRY--PERSONAL NAME | |
| Personal name | Fery, Loic |
| 9 (RLIN) | 4042 |
| 700 1# - ADDED ENTRY--PERSONAL NAME | |
| Personal name | Jaeck, Christophe |
| 9 (RLIN) | 4043 |
| 700 1# - ADDED ENTRY--PERSONAL NAME | |
| Personal name | Spitz, Thomas |
| 9 (RLIN) | 4044 |
| 700 1# - ADDED ENTRY--PERSONAL NAME | |
| Personal name | Gabrielle, Smart |
| 9 (RLIN) | 4045 |
| 856 41 - ELECTRONIC LOCATION AND ACCESS | |
| Materials specified | Table of contents |
| Uniform Resource Identifier | <a href="http://www.loc.gov/catdir/toc/ecip0519/2005026944.html">http://www.loc.gov/catdir/toc/ecip0519/2005026944.html</a> |
| 856 42 - ELECTRONIC LOCATION AND ACCESS | |
| Materials specified | Contributor biographical information |
| Uniform Resource Identifier | <a href="http://www.loc.gov/catdir/enhancements/fy0650/2005026944-b.html">http://www.loc.gov/catdir/enhancements/fy0650/2005026944-b.html</a> |
| 856 42 - ELECTRONIC LOCATION AND ACCESS | |
| Materials specified | Publisher description |
| Uniform Resource Identifier | <a href="http://www.loc.gov/catdir/enhancements/fy0650/2005026944-d.html">http://www.loc.gov/catdir/enhancements/fy0650/2005026944-d.html</a> |
| 942 ## - ADDED ENTRY ELEMENTS (KOHA) | |
| Source of classification or shelving scheme | Dewey Decimal Classification |
| Item type | Book - Borrowing |
| Withdrawn status | Item status | Source of classification or shelving scheme | Damaged status | Not for loan | Vendor | Home library | Current library | Shelving location | Date acquired | Source of acquisition | Cost, normal purchase price | Serial Enumeration / chronology | Total Checkouts | Full call number | Barcode | Date last seen | Koha item type |
|---|---|---|---|---|---|---|---|---|---|---|---|---|---|---|---|---|---|
| Dewey Decimal Classification | Academic Bookshop | Central Library | Central Library | First floor | 22/04/2009 | 660.00 | 367 | 332.632 BRU | 000015567 | 15/07/2025 | Book - Borrowing |